One piece : (Record no. 9585)

MARC details
000 -LEADER
fixed length control field 01141nam a22003017a 4500
001 - CONTROL NUMBER
control field 9585
003 - CONTROL NUMBER IDENTIFIER
control field FISKH
005 - DATE AND TIME OF LATEST TRANSACTION
control field 20260123161150.0
008 - FIXED-LENGTH DATA ELEMENTS--GENERAL INFORMATION
fixed length control field 260123b cb ||||| |||| 00| 0 eng d
020 ## - INTERNATIONAL STANDARD BOOK NUMBER
International Standard Book Number 9781421592695
040 ## - CATALOGING SOURCE
Original cataloging agency FISKH
Language of cataloging eng
Transcribing agency FISKH
Modifying agency FISKH
050 ## - LIBRARY OF CONGRESS CALL NUMBER
Classification number PN6790 .J33 .O2413
082 ## - DEWEY DECIMAL CLASSIFICATION NUMBER
Classification number 741.5
100 ## - MAIN ENTRY--PERSONAL NAME
Personal name Oda, Eiichiro
Relator term Author
245 ## - TITLE STATEMENT
Title One piece :
Remainder of title The world is restless /
Statement of responsibility, etc. Story and art by Eiichiro Oda
260 ## - PUBLICATION, DISTRIBUTION, ETC.
Place of publication, distribution, etc. Tokyo :
Name of publisher, distributor, etc. Shueisha Inc. ,
Date of publication, distribution, etc. 1997
300 ## - PHYSICAL DESCRIPTION
Extent 216 pages :
Other physical details illustrations ;
Dimensions 19 cm
490 ## - SERIES STATEMENT
Series statement One piece :
Volume/sequential designation 82
505 ## - FORMATTED CONTENTS NOTE
Formatted contents note R<br/>
520 ## - SUMMARY, ETC.
Summary, etc. As a child, Monkey D. Luffy dreamed of becoming King of the Pirates. But his life changed when he accidentally gained the power to stretch like rubber...at the cost of never being able to swim again! Years later, Luffy sets off in search of the "One Piece," said to be the greatest treasure in the world...
521 8# - TARGET AUDIENCE NOTE
Target audience note 700<br/>
Source Lexile estimate<br/>
521 8# - TARGET AUDIENCE NOTE
Target audience note R<br/>
Source Raz-Plus<br/>
650 ## - SUBJECT ADDED ENTRY--TOPICAL TERM
Topical term or geographic name entry element Action
Form subdivision Adventure
650 ## - SUBJECT ADDED ENTRY--TOPICAL TERM
Topical term or geographic name entry element Social criticism
Form subdivision Speculative
700 ## - ADDED ENTRY--PERSONAL NAME
Personal name Oda, Eiichiro
Relator term Illustrator
942 ## - ADDED ENTRY ELEMENTS (KOHA)
Source of classification or shelving scheme Dewey Decimal Classification
Koha item type Books
Suppress in OPAC No
Holdings
Withdrawn status Lost status Source of classification or shelving scheme Damaged status Not for loan Collection Home library Current library Shelving location Date acquired Total Checkouts Full call number Barcode Date due Date last seen Date last checked out Copy number Price effective from Koha item type
    Dewey Decimal Classification     Juvenile Fiction Footprints International School Library Network Toul Tom Poung Campus Footprints International School Library Network Toul Tom Poung Campus TTP Primary Orange Bookshelves 01/23/2026 3 ODA 741.5 PN6790 .J33 .O2413 2026-0102 04/10/2026 03/27/2026 03/27/2026 1 01/23/2026 Books